000 00406nam a2200133Ia 4500
008 151001s9999||||xx |||||||||||||| ||und||
100 _aमहेंद्र मित्तल
245 _aकालपुरुष सहस्त्रर्जुन
250 _a1
260 _bकैटर पब्लिशिंग हाउस
260 _c2009
300 _a200
365 _b21
999 _c993802
_d993799